| 000 | 00518nam a2200169Ia 4500 | ||
|---|---|---|---|
| 001 | 33452 | ||
| 008 | 140417s9999 xx 000 0 und d | ||
| 020 | _a0070590230 | ||
| 040 | _cPK-LaUMT | ||
| 082 |
_a 658.409 _bBUS- |
||
| 110 | _aIntroduced by William J. O'Neil | ||
| 245 |
_aBusiness leaders & success _b55 top business leaders & how they achieved greatness _cIntroduced by William J. O'Neil |
||
| 260 |
_aNew Delhi,India: _bTata McGraw-Hill Publishing, _c2005 |
||
| 300 | _a239 p. | ||
| 546 | _aEN | ||
| 942 | _cBK | ||
| 999 |
_c33048 _d33048 |
||